Statistics for Black Sabbath Album Discography Quiz

Click here to take the quiz!

General Stats

  • This quiz has been taken 11 times
  • The average score is 14 of 27

Answer Stats

HintAnswer% Correct
1970 - StudioBlack Sabbath
100%
1970 - StudioParanoid
100%
1980 - StudioHeaven and Hell
78%
1981 - StudioMob Rules
78%
1978 - StudioNever Say Die!
78%
1973 - StudioSabbath Bloody Sabbath
78%
1975 - StudioSabotage
78%
2013 - Studio13
67%
1983 - StudioBorn Again
67%
1983 - LiveLive Evil
67%
1971 - StudioMaster of Reality
67%
1976 - StudioTechnical Ecstasy
67%
1972 - StudioVol. 4
67%
1989 - StudioHeadless Cross
56%
1990 - StudioTyr
56%
1986 - StudioSeventh Star
44%
2016 - EPThe End
44%
2007 - CompilationBlack Sabbath: The Dio Years
33%
1994 - StudioCross Purposes
33%
1992 - StudioDehumanizer
33%
1995 - StudioForbidden
33%
1998 - LiveReunion
33%
1987 - StudioThe Eternal Idol
22%
1976 - CompilationWe Sold Our Soul for Rock 'n' Roll
22%
2006 - CompilationGreatest Hits 1970–1978
11%
2017 - LiveThe End: Live in Birmingham
11%
2016 - CompilationThe Ultimate Collection
11%

Score Distribution

Percentile by Number Answered

Percent of People with Each Score

Your Score History

You have not taken this quiz